[Event "FRA-chT2O 9899"]
[Site "France"]
[Date "1998.11.14"]
[Round "2"]
[White "Adyel, Samir"]
[Black "Yacob, Francois"]
[Result "0-1"]
[WhiteElo "2109"]
[BlackElo "2270"]
[PlyCount "86"]
[EventDate "1998.??.??"]
[EventType "team"]
[EventRounds "9"]
[EventCountry "FRA"]
[SourceTitle "EXT 2002"]
[Source "ChessBase"]
[SourceDate "2001.11.25"]
[SourceVersion "1"]
[SourceVersionDate "2001.11.25"]
[SourceQuality "1"]

1. d4 c5 2. d5 Nf6 3. Nc3 d6 4. e4 g6 5. Be2 Bg7 6. Be3 a6 7. a4 0-0 8. g4 Qa5 9. Bd2 Nbd7 10. g5 Ne8 11. h4 Qc7 12. h5 Rb8 13. f4 c4 14. Be3 Nc5 15. Bd4 b5 16. Bxg7 Nxg7 17. Qd4 Qb6 18. Qf2 bxa4 19. Rb1 Qa5 20. Qd4 Nxe4 21. Qxe4 Rxb2 22. Rxb2 Qxc3+ 23. Kf2 Qxb2 24. Qxc4 a3 25. Nf3 a2 26. Qa4 Nf5 27. Bc4 Qb6+ 28. Kg2 Qe3 29. Bd3 Qc5 30. hxg6 fxg6 31. Qxa2 Ne3+ 32. Kg3 Bf5 33. Qxa6 Bxd3 34. Qxd3 Nxd5 35. Qb3 Rxf4 36. Rd1 Rf5 37. Ra1 Qc3 38. Qxc3 Nxc3 39. Ra8+ Kf7 40. Rh8 Ne4+ 41. Kg4 e5 42. Rxh7+ Kg8 43. Rh6 Rf4+ 0-1